The chip-chip gatherers / (Record no. 634)

MARC details
000 -LEADER
fixed length control field 00917cam a2200289 a 4500
005 - DATE AND TIME OF LATEST TRANSACTION
control field 20260322212028.0
008 - FIXED-LENGTH DATA ELEMENTS--GENERAL INFORMATION
fixed length control field data
010 ## - LIBRARY OF CONGRESS CONTROL NUMBER
LC control number 83004255
020 ## - INTERNATIONAL STANDARD BOOK NUMBER
International Standard Book Number 0140039562 (pbk.) :
Terms of availability {dollar}6.95
020 ## - INTERNATIONAL STANDARD BOOK NUMBER
International Standard Book Number 9780140039566 (pbk.) :
Terms of availability {dollar}6.95
040 ## - CATALOGING SOURCE
Original cataloging agency DLC
Transcribing agency DLC
Modifying agency DLC
043 ## - GEOGRAPHIC AREA CODE
Geographic area code nwtr---
050 10 - LIBRARY OF CONGRESS CALL NUMBER
Classification number PR9272.9.N3
Item number C48 1983
082 00 - DEWEY DECIMAL CLASSIFICATION NUMBER
Classification number 823
Edition information 19
001 - CONTROL NUMBER
control field data
100 1# - MAIN ENTRY--PERSONAL NAME
Personal name Naipaul, Shiva,
Dates associated with a name 1945-
245 14 - TITLE STATEMENT
Title The chip-chip gatherers /
Statement of responsibility, etc. Shiva Naipaul.
260 ## - PUBLICATION, DISTRIBUTION, ETC.
Place of publication, distribution, etc. New York, N.Y., U.S.A. :
-- New York, N.Y., U.S.A. :
Name of publisher, distributor, etc. Penguin Books,
Date of publication, distribution, etc. 1983, c1973.
300 ## - PHYSICAL DESCRIPTION
Extent 319 p. ;
Dimensions 20 cm.
650 #0 - SUBJECT ADDED ENTRY--TOPICAL TERM
Topical term or geographic name entry element East Indians
Geographic subdivision Trinidad and Tobago
Form subdivision Fiction.
650 #0 - SUBJECT ADDED ENTRY--TOPICAL TERM
Topical term or geographic name entry element Fathers and sons
Form subdivision Fiction.
650 #0 - SUBJECT ADDED ENTRY--TOPICAL TERM
Topical term or geographic name entry element Community life
Form subdivision Fiction.
651 #0 - SUBJECT ADDED ENTRY--GEOGRAPHIC NAME
Geographic name Trinidad and Tobago
Form subdivision Fiction.
655 #7 - INDEX TERM--GENRE/FORM
Genre/form data or focus term Humorous stories.
Source of term gsafd
655 #7 - INDEX TERM--GENRE/FORM
Genre/form data or focus term Domestic fiction.
Source of term lcsh
906 ## - LOCAL DATA ELEMENT F, LDF (RLIN)
a 7
b cbc
c orignew
d 1
e ocip
f 19
g y-gencatlg
Holdings
Withdrawn status Lost status Damaged status Not for loan Home library Current library Shelving location Date acquired Total checkouts Full call number Barcode Date last seen Price effective from Koha item type
        Franklin Franklin General stacks 22/03/2026   823 19 BC0010651 22/03/2026 22/03/2026 Books